000 01580cam a22003974i 4500
003 PE-LiUPU
005 20250731184550.0
008 150625s r 000 0 d
035 _a(Sirsi) a33405
040 _aPE-LiUPU
_bspa
_cPE-LiUPU
_erda
082 0 4 _a985.31304
_bV65
_221
100 1 _aVilcarino Guzman, Carlos H.,
_eautor.
245 1 0 _aHuaura en el consenso historico del Perú.
264 1 _aLima :
_bConcytec,
_c1989.
336 _atext
_2rdacontent
337 _aunmediated
_2rdamedia
338 _avolume
_2rdacarrier
505 0 _aHistoria del distrito de Huara. - Evolución histórica: Origen de la población, Restos históricos, Epoca de la colonia, Gradería subterranea colonial,Epoca de la emancipación, El batallón numancia en Huaura, época republicana, Fray José de Guadalupe en Huaura, Aspecto agrario. - Apendice: Proclama, Proclama de San Martín, General Don José de San Martín.
526 _aP136
526 _aP135
526 _aP134
526 _aP133
526 _aP144
526 _aP143
526 _aP87
526 _aP35
526 _aP20
526 _aP14
526 _aP10
526 _aP06
942 _2ddc
_cBOOK
949 _a985.31304 V65
_wDEWEY
_c1
_i37299
_lCCODEBUL1
_mBUL
_p00.00
_r0
_sY
_tBOOK
_u2015-06-25
_xBIBLIOTECA
_zUNKNOWN
_0COMPRA
_o.STAFF. Colección General
596 _a1
999 _a985.31304 V65
_wDEWEY
_c41149
_i37299
_f2021-11-8
_g3
_lCCODEBUL1
_mBUL
_r0
_sY
_tBOOK
_u2015-6-25
_xBIBLIOTECA
_zUNKNOWN
_0COMPRA
_o.STAFF. Colección General
_d41149
980 _81
_gALBERTO SANCHEZ Responsable de Automatización